00522nam a2200157 a 450000100100000000500170001000800410002704000250006808200160009324500370010926000600014630000210020604900090022795201130023699900150034900000922820200929161526.0090929s1945 ag 001 0 spa d aDO-SdBNPbspacBNPHU axxxxbU471c03aLa última copa del festín /. aBuenos Aires, Argentina :bColón Echavarría,c1945. a231 P. ;c19 cm. aBNPD 001050718RVaPDbPDcCTd2009-09-29iLF1l0oxxxx U471cp9228-10r2020-06-25w2020-06-25y1ZNo se presta c8991d8991